Włoscy piłkarze - nagła śmierć - Statystyki

Ogólne statystyki
  • Ten quiz został rozwiązany 387 razy
  • Średni wynik to 11 z 14
Answers on the Grid
Answers color-coded by a green-red scale on the quiz's grid according to % correct below.
Gianluigi Donnarumma
Wesley Sneijder
Leonardo Bonucci
Giorgio Chiellini
Carlos Tévez
Marco Verratti
Nicolo Barella
Giovanni Van Bronckhorst
Ciro Immobile
Lorenzo Insigne
Javier Zanetti
Andrea Belotti
Julián Álvarez
Jorginho
Diego Costa
Alessandro Florenzi
Rodrigo de Paul
Matías Almeyda
Matteo Politano
Rui Costa
Javier Hernández
Federico Chiesa
Paulo Dybala
Alejandro Garnacho
Stefano Sensi
Dušan Vlahović
Felipe Melo
Danilo D'Ambrosio
 
Statystyki odpowiedzi
Odpowiedź % Poprawnych
Gianluigi Donnarumma
97%
Giorgio Chiellini
93%
Leonardo Bonucci
93%
Nicolo Barella
89%
Marco Verratti
87%
Ciro Immobile
84%
Lorenzo Insigne
82%
Andrea Belotti
76%
Federico Chiesa
75%
Alessandro Florenzi
72%
Matteo Politano
67%
Jorginho
66%
Danilo D'Ambrosio
65%
Stefano Sensi
61%
Nie znaleziono quizów pasujących do podanych kryteriów
Rozkład punktacji
Procent ludzi z każdym wynikiem
Percentyl według liczby udzielonych odpowiedzi
Twoja historia wyników
Nie rozwiązałeś tego quizu